[Event "Reto (Rybka232mp32-bit, 90'+30\"/100+15'"]
[Site "?"]
[Date "2009.12.31"]
[Round "?"]
[White "Diaz, Sergio"]
[Black "Cabrera, Marcelo Dario"]
[Result "1/2-1/2"]
[WhiteElo "2472"]
[BlackElo "2267"]
[PlyCount "93"]

1. e4 c5 2. Nf3 e6 3. d4 cxd4 4. Nxd4 a6 5. Bd3 Nf6 6. O-O Qc7 7. Qe2 d6 8. c4
Be7 9. Nc3 Nc6 10. Nxc6 bxc6 11. f4 Nd7 12. Be3 Rb8 13. Rad1 O-O 14. Rf3 g6 15.
g4 Bf6 16. Qd2 Bb7 17. g5 Bg7 18. Bf1 d5 19. Rf2 Rfe8 20. cxd5 cxd5 21. exd5
exd5 22. Nxd5 Bxd5 23. Qxd5 Rxe3 24. Qxd7 Qc5 25. Kg2 Bxb2 26. Bxa6 Bc3 27. Rd5
{[%eval 37,17] [%emt 0:02:12]} Qb4 {[%eval 36,17] [%emt 0:02:19]} 28. Bd3 {
[%eval 29,17] [%emt 0:01:12]} Kg7 {[%eval 22,17] [%emt 0:02:32]} 29. Qd6 {
[%eval 20,18] [%emt 0:05:38]} Qxd6 {[%eval 16,18] [%emt 0:00:45]} 30. Rxd6 {
[%eval 15,17] [%emt 0:00:00]} Be1 {[%eval 13,19] [%emt 0:00:54]} 31. Re2 {
[%eval 11,20] [%emt 0:01:19]} Rxe2+ {[%eval 10,20] [%emt 0:01:39]} 32. Bxe2 {
[%eval 10,20] [%emt 0:00:00]} Rb2 {[%eval 10,20] [%emt 0:00:00]} 33. Kf3 {
[%eval 10,21] [%emt 0:02:55]} Rxa2 {[%eval 10,21] [%emt 0:01:15]} 34. Rd7 {
[%eval 8,22] [%emt 0:16:18]} Ra3+ {[%eval 6,22] [%emt 0:02:36]} 35. Kg4 {
[%eval 5,23] [%emt 0:06:43]} Bf2 {[%eval 5,23] [%emt 0:03:34]} 36. Bc4 {
[%eval 5,23] [%emt 0:05:42]} Ra7 {[%eval 5,23] [%emt 0:05:20]} 37. Rd8 {
[%eval 4,23] [%emt 0:12:05]} h5+ {[%eval 4,23] [%emt 0:10:08]} 38. gxh6+ {
[%eval 4,24] [%emt 0:12:21]} Kxh6 {[%eval 3,23] [%emt 0:00:00]} 39. f5 {
[%eval 4,24] [%emt 0:09:41]} Kg7 {[%eval 4,18] [%emt 0:01:41] (Ta5)} 40. fxg6 {
[%eval 4,20] [%emt 0:01:58]} Ra4 {[%eval 4,20] [%emt 0:01:02]} 41. Rc8 {
[%eval 4,20] [%emt 0:00:26]} fxg6 {[%eval 4,21] [%emt 0:02:20]} 42. h3 {
[%eval 1,21] [%emt 0:07:18]} Ra3 {[%eval 1,21] [%emt 0:00:54]} 43. Rc7+ {
[%eval 0,21] [%emt 0:02:13]} Kh6 {[%eval 0,22] [%emt 0:02:49]} 44. Bg8 {
[%eval 1,22] [%emt 0:02:18]} Rg3+ {[%eval 1,22] [%emt 0:04:19]} 45. Kf4 {
[%eval 0,22] [%emt 0:00:00]} g5+ {[%eval 0,22] [%emt 0:14:58]} 46. Kf5 {
[%eval 0,23] [%emt 0:05:06]} Rf3+ {[%eval 0,22] [%emt 0:00:00]} 47. Ke6 {
[%eval 0,20] [%emt 0:00:38] (Re4)} 1/2-1/2

[Event "Reto (Rybka31-cpu32-bit, (90m+30s)/100+"]
[Site "?"]
[Date "2009.12.31"]
[Round "?"]
[White "Diaz, Sergio"]
[Black "Cabrera, Marcelo Dario"]
[Result "1/2-1/2"]
[WhiteElo "2472"]
[BlackElo "2267"]
[PlyCount "78"]

1. e4 c5 2. Nf3 e6 3. d4 cxd4 4. Nxd4 a6 5. Bd3 Nf6 6. O-O Qc7 7. Qe2 d6 8. c4
Be7 9. Nc3 Nc6 10. Nxc6 bxc6 11. f4 Nd7 12. Be3 Rb8 13. Rad1 O-O 14. Rf3 g6 15.
g4 Bf6 16. Qd2 Bb7 17. g5 Bg7 18. Bf1 d5 19. Rf2 Rfe8 20. cxd5 cxd5 21. exd5
exd5 22. Nxd5 Bxd5 23. Qxd5 Rxe3 24. Qxd7 Qc5 25. Kg2 Bxb2 26. Bxa6 Bc3 27. Rd5
{[%eval 37,15] [%emt 0:03:03]} Qb4 {[%eval 6,16] [%emt 0:07:31]} 28. Bd3 {
[%eval 18,17] [%emt 0:07:03]} Re7 {[%eval 8,17] [%emt 0:10:05] (Rg7)} 29. Qd6 {
[%eval 12,17] [%emt 0:14:16]} Qb7 {[%eval 5,18] [%emt 0:10:34]} 30. Bc4 {
[%eval 11,18] [%emt 0:15:51]} Rbe8 {[%eval 11,18] [%emt 0:24:35]} 31. Bb5 {
[%eval 13,18] [%emt 0:20:53]} Re6 {[%eval 13,18] [%emt 0:04:00]} 32. Qd7 {
[%eval 13,18] [%emt 0:14:22]} Qa8 {[%eval 13,18] [%emt 0:01:19]} 33. f5 {
[%eval 10,15] [%emt 0:01:35]} gxf5 {[%eval 10,18] [%emt 0:04:38]} 34. Rfxf5 {
[%eval 10,17] [%emt 0:09:35]} R6e7 {[%eval 10,15] [%emt 0:01:22]} 35. Qd6 {
[%eval 10,17] [%emt 0:06:41]} Bb4 {[%eval 9,15] [%emt 0:02:17] (Te5)} 36. Qf4 {
[%eval 10,15] [%emt 0:03:12]} Qxa2+ {[%eval 10,15] [%emt 0:01:16]} 37. Qf2 {
[%eval 10,14] [%emt 0:00:01]} Re2 {[%eval 0,17] [%emt 0:01:59] (Ta8)} 38. Bxe2
{[%eval 0,16] [%emt 0:00:01]} Rxe2 {[%eval 0,18] [%emt 0:02:11]} 39. Rd8+ {
[%eval 0,17] [%emt 0:00:01]} Bf8 {[%eval 0,17] [%emt 0:00:01]} 1/2-1/2

[Event "Reto (Rybka4w32, (90m+30s)/100+(15m+30s"]
[Site "?"]
[Date "2009.12.31"]
[Round "?"]
[White "Diaz, Sergio"]
[Black "Cabrera, Marcelo Dario"]
[Result "1/2-1/2"]
[WhiteElo "2472"]
[BlackElo "2267"]
[PlyCount "135"]

1. e4 c5 2. Nf3 e6 3. d4 cxd4 4. Nxd4 a6 5. Bd3 Nf6 6. O-O Qc7 7. Qe2 d6 8. c4
Be7 9. Nc3 Nc6 10. Nxc6 bxc6 11. f4 Nd7 12. Be3 Rb8 13. Rad1 O-O 14. Rf3 g6 15.
g4 Bf6 16. Qd2 Bb7 17. g5 Bg7 18. Bf1 d5 19. Rf2 Rfe8 20. cxd5 cxd5 21. exd5
exd5 22. Nxd5 Bxd5 23. Qxd5 Rxe3 24. Qxd7 Qc5 25. Kg2 Bxb2 26. Bxa6 Bc3 27. Qd5
{[%eval 27,15] [%emt 0:03:15]} Qxd5+ {[%eval 17,17] [%emt 0:03:35]} 28. Rxd5 {
[%eval 23,19] [%emt 0:08:05]} Rb4 {[%eval 28,21] [%emt 0:05:31]} 29. Bd3 {
[%eval 18,21] [%emt 0:12:09]} Be1 {[%eval 18,22] [%emt 0:05:38]} 30. f5 {
[%eval 18,22] [%emt 0:06:50]} Rg4+ {[%eval 18,22] [%emt 0:07:24]} 31. Kf1 {
[%eval 18,22] [%emt 0:06:26]} Rxg5 {[%eval 16,23] [%emt 0:06:52]} 32. Re2 {
[%eval 16,23] [%emt 0:06:03]} Rxe2 {[%eval 16,23] [%emt 0:06:33]} 33. Kxe2 {
[%eval 20,22] [%emt 0:04:17]} Bc3 {[%eval 20,23] [%emt 0:06:18]} 34. Kf3 {
[%eval 20,23] [%emt 0:05:03]} Rg1 {[%eval 20,23] [%emt 0:05:47]} 35. Bc4 {
[%eval 20,20] [%emt 0:02:14]} Kg7 {[%eval 20,22] [%emt 0:05:26]} 36. fxg6 {
[%eval 16,20] [%emt 0:02:06]} fxg6 {[%eval 16,23] [%emt 0:05:07]} 37. Rd7+ {
[%eval 18,21] [%emt 0:02:06]} Kh8 {[%eval 19,21] [%emt 0:02:56]} 38. a4 {
[%eval 18,21] [%emt 0:06:48]} Rg5 {[%eval 18,21] [%emt 0:02:45]} 39. Be2 {
[%eval 18,21] [%emt 0:03:48]} Ba5 {[%eval 18,22] [%emt 0:03:56]} 40. h3 {
[%eval 18,22] [%emt 0:03:32]} Rh5 {[%eval 18,23] [%emt 0:02:49]} 41. Kg3 {
[%eval 18,23] [%emt 0:03:43]} Be1+ {[%eval 18,24] [%emt 0:10:58]} 42. Kg2 {
[%eval 18,24] [%emt 0:03:38]} Rf5 {[%eval 18,24] [%emt 0:03:04]} 43. Bf3 {
[%eval 18,24] [%emt 0:03:36]} Rg5+ {[%eval 18,24] [%emt 0:03:18]} 44. Kf1 {
[%eval 18,24] [%emt 0:03:24]} Rg3 {[%eval 18,24] [%emt 0:03:07]} 45. Bg4 {
[%eval 18,23] [%emt 0:03:12]} Re3 {[%eval 18,22] [%emt 0:02:57]} 46. Rb7 {
[%eval 17,21] [%emt 0:01:18] (Ta7)} Bc3 {[%eval 17,21] [%emt 0:01:12]} 47. Kg2
{[%eval 18,21] [%emt 0:02:40] (Tb3)} Be1 {[%eval 18,21] [%emt 0:01:32]} 48. Ra7
{[%eval 17,21] [%emt 0:02:06]} Ra3 {[%eval 17,21] [%emt 0:02:23]} 49. Be2 {
[%eval 17,21] [%emt 0:02:21]} Ra2 {[%eval 16,21] [%emt 0:00:59]} 50. Kf1 {
[%eval 16,21] [%emt 0:02:02]} Bc3 {[%eval 16,21] [%emt 0:01:08]} 51. Bc4 {
[%eval 16,21] [%emt 0:01:45]} Rc2 {[%eval 16,21] [%emt 0:01:23]} 52. Bb3 {
[%eval 16,21] [%emt 0:03:46]} Rb2 {[%eval 16,22] [%emt 0:01:58]} 53. Bd5 {
[%eval 16,22] [%emt 0:01:47]} Rd2 {[%eval 16,22] [%emt 0:01:59] (Ad4)} 54. Be6
{[%eval 16,22] [%emt 0:01:37]} Bd4 {[%eval 16,22] [%emt 0:01:48]} 55. Rd7 {
[%eval 19,21] [%emt 0:01:29] (Tb7)} Rf2+ {[%eval 19,21] [%emt 0:01:38]} 56. Ke1
{[%eval 19,21] [%emt 0:01:22]} Rf4 {[%eval 19,20] [%emt 0:01:30]} 57. Rd8+ {
[%eval 15,19] [%emt 0:00:51] (Re2)} Kg7 {[%eval 14,20] [%emt 0:00:44]} 58. Kd2
{[%eval 14,20] [%emt 0:01:13]} Bb6 {[%eval 15,19] [%emt 0:00:45]} 59. Ra8 {
[%eval 15,19] [%emt 0:01:07]} Kf6 {[%eval 15,19] [%emt 0:01:19]} 60. Bg4 {
[%eval 14,18] [%emt 0:01:04]} h5 {[%eval 3,18] [%emt 0:01:37] (Ac5)} 61. Be2 {
[%eval 7,18] [%emt 0:00:49]} Kg5 {[%eval 0,18] [%emt 0:01:04]} 62. Ra6 {
[%eval 0,18] [%emt 0:00:41]} Bc7 {[%eval 0,19] [%emt 0:01:00]} 63. Bd3 {
[%eval 0,19] [%emt 0:00:55]} Rh4 {[%eval 1,19] [%emt 0:00:56]} 64. Rxg6+ {
[%eval 1,19] [%emt 0:00:51]} Kf4 {[%eval 1,3] [%emt 0:00:00]} 65. Bf1 {[%eval
1,18] [%emt 0:00:27]} Kf3 {[%eval 1,19] [%emt 0:00:57]} 66. Rc6 {[%eval 0,17] 
[%emt 0:00:41] (Tf6+)} Ba5+ {[%eval 0,20] [%emt 0:00:46]} 67. Kd3 {[%eval 0,21]
[%emt 0:00:47]} Rxa4 {[%eval 0,22] [%emt 0:00:44]} 68. Be2+ {[%eval 0,22] 
[%emt 0:00:42]} 1/2-1/2

[Event "Reto (Rybka232mp32-bit, (90m+30s)/100+("]
[Site "?"]
[Date "2009.12.31"]
[Round "?"]
[White "Diaz, Sergio"]
[Black "Cabrera, Marcelo Dario"]
[Result "1/2-1/2"]
[WhiteElo "2472"]
[BlackElo "2267"]
[PlyCount "78"]

1. e4 c5 2. Nf3 e6 3. d4 cxd4 4. Nxd4 a6 5. Bd3 Nf6 6. O-O Qc7 7. Qe2 d6 8. c4
Be7 9. Nc3 Nc6 10. Nxc6 bxc6 11. f4 Nd7 12. Be3 Rb8 13. Rad1 O-O 14. Rf3 g6 15.
g4 Bf6 16. Qd2 Bb7 17. g5 Bg7 18. Bf1 d5 19. Rf2 Rfe8 20. cxd5 cxd5 21. exd5
exd5 22. Nxd5 Bxd5 23. Qxd5 Rxe3 24. Qxd7 Qc5 25. Kg2 Bxb2 26. Bxa6 Bc3 27. Rd5
{[%eval 36,18] [%emt 0:03:06]} Qb4 {[%eval 36,18] [%emt 0:01:34]} 28. Bd3 {
[%eval 25,18] [%emt 0:08:38]} Kg7 {[%eval 21,18] [%emt 0:02:40]} 29. Qa7 {
[%eval 23,18] [%emt 0:03:24]} Re7 {[%eval 23,18] [%emt 0:00:42]} 30. Rd7 {
[%eval 25,20] [%emt 0:04:11]} Ra8 {[%eval 11,20] [%emt 0:03:48]} 31. Qxa8 {
[%eval 14,20] [%emt 0:01:33]} Rxd7 {[%eval 13,20] [%emt 0:02:14]} 32. Qe4 {
[%eval 13,20] [%emt 0:05:07]} Rd4 {[%eval 12,20] [%emt 0:04:48]} 33. Qe5+ {
[%eval 11,20] [%emt 0:04:39]} Kg8 {[%eval 9,20] [%emt 0:00:00]} 34. Rf3 {
[%eval 6,20] [%emt 0:16:27]} Qf8 {[%eval 6,20] [%emt 0:08:40]} 35. Qe3 {
[%eval 6,20] [%emt 0:10:52]} Qd6 {[%eval 6,19] [%emt 0:18:41]} 36. Bxg6 {
[%eval 4,18] [%emt 0:01:41] (a4)} hxg6 {[%eval 4,19] [%emt 0:01:10]} 37. Qxc3 {
[%eval 4,19] [%emt 0:00:37]} Rxf4 {[%eval 0,19] [%emt 0:00:39]} 38. Rxf4 {
[%eval 0,20] [%emt 0:00:48]} Qxf4 {[%eval 0,22] [%emt 0:01:07]} 39. Qg3 {
[%eval 0,22] [%emt 0:00:40]} Qd2+ {[%eval 0,23] [%emt 0:00:41]} 1/2-1/2

[Event "Reto (Fritz11, (90m+30s)/100+(15m+30s))"]
[Site "?"]
[Date "2009.12.31"]
[Round "?"]
[White "Diaz, Sergio"]
[Black "Cabrera, Marcelo Dario"]
[Result "1/2-1/2"]
[WhiteElo "2472"]
[BlackElo "2267"]
[PlyCount "76"]

1. e4 c5 2. Nf3 e6 3. d4 cxd4 4. Nxd4 a6 5. Bd3 Nf6 6. O-O Qc7 7. Qe2 d6 8. c4
Be7 9. Nc3 Nc6 10. Nxc6 bxc6 11. f4 Nd7 12. Be3 Rb8 13. Rad1 O-O 14. Rf3 g6 15.
g4 Bf6 16. Qd2 Bb7 17. g5 Bg7 18. Bf1 d5 19. Rf2 Rfe8 20. cxd5 cxd5 21. exd5
exd5 22. Nxd5 Bxd5 23. Qxd5 Rxe3 24. Qxd7 Qc5 25. Kg2 Bxb2 26. Bxa6 Bc3 27. Rd5
{[%eval 39,18] [%emt 0:02:14]} Qb4 {[%eval 34,19] [%emt 0:03:02]} 28. Bd3 {
[%eval 32,19] [%emt 0:04:50]} Ree8 {[%eval 31,19] [%emt 0:03:42]} 29. Rb5 {
[%eval 22,19] [%emt 0:03:36]} Qa4 {[%eval 18,20] [%emt 0:02:10]} 30. Rb7 {
[%eval 18,20] [%emt 0:02:15]} Qxd7 {[%eval 15,22] [%emt 0:01:50]} 31. Rxd7 {
[%eval 14,23] [%emt 0:01:12]} Rbd8 {[%eval 12,24] [%emt 0:04:44] (Ted8)} 32.
Rxd8 {[%eval 13,24] [%emt 0:02:48] (Ab5)} Rxd8 {[%eval 12,24] [%emt 0:00:16]}
33. Be4 {[%eval 13,24] [%emt 0:06:54]} Rd2 {[%eval 12,24] [%emt 0:02:58]} 34.
Rxd2 {[%eval 13,24] [%emt 0:01:33]} Bxd2 {[%eval 12,25] [%emt 0:00:34]} 35. Kg3
{[%eval 13,26] [%emt 0:01:23] (Rf3)} h6 {[%eval 12,27] [%emt 0:02:29]} 36. h4 {
[%eval 13,28] [%emt 0:02:01]} Be1+ {[%eval 12,28] [%emt 0:01:59] (f5)} 37. Kh3
{[%eval 13,30] [%emt 0:01:57]} hxg5 {[%eval 12,30] [%emt 0:01:15]} 38. hxg5 {
[%eval 13,32] [%emt 0:01:31]} f5 {[%eval 12,33] [%emt 0:01:18]} 1/2-1/2

[Event "Reto (Rybka31-cpu32-bit, (90m+30s)/100+"]
[Site "?"]
[Date "2009.12.31"]
[Round "?"]
[White "Diaz, Sergio"]
[Black "Cabrera, Marcelo Dario"]
[Result "1/2-1/2"]
[WhiteElo "2472"]
[BlackElo "2267"]
[PlyCount "72"]

1. e4 c5 2. Nf3 e6 3. d4 cxd4 4. Nxd4 a6 5. Bd3 Nf6 6. O-O Qc7 7. Qe2 d6 8. c4
Be7 9. Nc3 Nc6 10. Nxc6 bxc6 11. f4 Nd7 12. Be3 Rb8 13. Rad1 O-O 14. Rf3 g6 15.
g4 Bf6 16. Qd2 Bb7 17. g5 Bg7 18. Bf1 d5 19. Rf2 Rfe8 20. cxd5 cxd5 21. exd5
exd5 22. Nxd5 Bxd5 23. Qxd5 Rxe3 24. Qxd7 Qc5 25. Kg2 Bxb2 26. Bxa6 Bc3 27. Rd5
Qb4 28. Bd3 Kg7 29. Qa7 Re7 30. Rd7 {[%eval 12,16] [%emt 0:03:18]} Ra8 {
[%eval 0,17] [%emt 0:03:37]} 31. Qxa8 {[%eval 8,18] [%emt 0:05:57]} Rxd7 {
[%eval 8,17] [%emt 0:00:01]} 32. Qe4 {[%eval 9,18] [%emt 0:08:02]} Rd4 {
[%eval 0,18] [%emt 0:06:50]} 33. Qe5+ {[%eval 0,18] [%emt 0:06:33]} Kg8 {
[%eval 0,17] [%emt 0:00:01]} 34. Rf3 {[%eval 3,18] [%emt 0:12:05]} Qb7 {
[%eval 0,18] [%emt 0:11:40]} 35. Qe3 {[%eval 0,18] [%emt 0:11:59]} Qd5 {
[%eval 0,18] [%emt 0:09:25]} 36. Kg3 {[%eval 0,18] [%emt 0:06:15]} Bb4 {
[%eval 0,18] [%emt 0:06:22]} 1/2-1/2

[Event "Reto (Rybka4w32, (90m+30s)/100+30m) "]
[Site "?"]
[Date "2009.12.31"]
[Round "?"]
[White "Diaz, Sergio"]
[Black "Cabrera, Marcelo Dario"]
[Result "1/2-1/2"]
[WhiteElo "2472"]
[BlackElo "2267"]
[PlyCount "67"]

1. e4 c5 2. Nf3 e6 3. d4 cxd4 4. Nxd4 a6 5. Bd3 Nf6 6. O-O Qc7 7. Qe2 d6 8. c4
Be7 9. Nc3 Nc6 10. Nxc6 bxc6 11. f4 Nd7 12. Be3 Rb8 13. Rad1 O-O 14. Rf3 g6 15.
g4 Bf6 16. Qd2 Bb7 17. g5 Bg7 18. Bf1 d5 19. Rf2 Rfe8 20. cxd5 cxd5 21. exd5
exd5 22. Nxd5 Bxd5 23. Qxd5 Rxe3 24. Qxd7 Qc5 25. Kg2 Bxb2 26. Bxa6 Bc3 27. Rd5
Qb4 28. Bd3 Kg7 29. Qa7 Re7 30. Rd7 {[%eval 2,19] [%emt 0:06:30]} Ra8 {[%eval
3,20] [%emt 0:06:25]} 31. Qxa8 {[%eval 7,20] [%emt 0:05:14]} Rxd7 {[%eval 7,21]
[%emt 0:07:59]} 32. Qf3 {[%eval 0,21] [%emt 0:14:18]} Be1 {[%eval 0,21] [%emt
0:04:30]} 33. Rc2 {[%eval 0,20] [%emt 0:03:25] (Te2)} Bd2 {[%eval 0,21] [%emt
0:04:19]} 34. Rc4 {[%eval 0,21] [%emt 0:10:11]} 1/2-1/2

[Event "Reto (Rybka3Human1-cpu32bit, (90m+30s)/"]
[Site "?"]
[Date "2009.12.31"]
[Round "?"]
[White "Diaz, Sergio"]
[Black "Cabrera, Marcelo Dario"]
[Result "1/2-1/2"]
[WhiteElo "2472"]
[BlackElo "2267"]
[PlyCount "78"]

1. e4 c5 2. Nf3 e6 3. d4 cxd4 4. Nxd4 a6 5. Bd3 Nf6 6. O-O Qc7 7. Qe2 d6 8. c4
Be7 9. Nc3 Nc6 10. Nxc6 bxc6 11. f4 Nd7 12. Be3 Rb8 13. Rad1 O-O 14. Rf3 g6 15.
g4 Bf6 16. Qd2 Bb7 17. g5 Bg7 18. Bf1 d5 19. Rf2 Rfe8 20. cxd5 cxd5 21. exd5
exd5 22. Nxd5 Bxd5 23. Qxd5 Rxe3 24. Qxd7 Qc5 25. Kg2 Bxb2 26. Bxa6 Bc3 27. Rd5
Qb4 28. Bd3 Kg7 29. Qa7 Re7 30. Rd7 {[%eval 14,17] [%emt 0:04:49]} Rbe8 {
[%eval 8,17] [%emt 0:04:14] (Ta8)} 31. a3 {[%eval 14,17] [%emt 0:05:05]} Rxd7 {
[%eval 9,18] [%emt 0:08:16]} 32. Qxd7 {[%eval 15,19] [%emt 0:07:09]} Re7 {
[%eval 15,19] [%emt 0:29:56]} 33. Qc6 {[%eval 12,18] [%emt 0:05:38]} Qd4 {
[%eval 12,19] [%emt 0:03:00]} 34. Rf3 {[%eval 12,16] [%emt 0:02:40]} Bd2 {
[%eval 9,15] [%emt 0:02:16] (Aa5)} 35. a4 {[%eval 10,16] [%emt 0:01:39]} Re1 {
[%eval 9,16] [%emt 0:01:56]} 36. Bf1 {[%eval 16,16] [%emt 0:02:16]} Ba5 {
[%eval 8,17] [%emt 0:09:23] (Te3)} 37. Qc4 {[%eval 8,17] [%emt 0:02:53]} Qd7 {
[%eval 0,17] [%emt 0:06:09]} 38. f5 {[%eval 0,17] [%emt 0:10:08]} Qd2+ {
[%eval 0,17] [%emt 0:04:15]} 39. Kh1 {[%eval 0,18] [%emt 0:11:07]} Qd7 {
[%eval 0,18] [%emt 0:12:50]} 1/2-1/2

[Event "Reto (Fritz11, (90m+30s)/100+30m) "]
[Site "?"]
[Date "2009.12.31"]
[Round "?"]
[White "Diaz, Sergio"]
[Black "Cabrera, Marcelo Dario"]
[Result "1/2-1/2"]
[WhiteElo "2472"]
[BlackElo "2267"]
[PlyCount "135"]

1. e4 c5 2. Nf3 e6 3. d4 cxd4 4. Nxd4 a6 5. Bd3 Nf6 6. O-O Qc7 7. Qe2 d6 8. c4
Be7 9. Nc3 Nc6 10. Nxc6 bxc6 11. f4 Nd7 12. Be3 Rb8 13. Rad1 O-O 14. Rf3 g6 15.
g4 Bf6 16. Qd2 Bb7 17. g5 Bg7 18. Bf1 d5 19. Rf2 Rfe8 20. cxd5 cxd5 21. exd5
exd5 22. Nxd5 Bxd5 23. Qxd5 Rxe3 24. Qxd7 Qc5 25. Kg2 Bxb2 26. Bxa6 Bc3 27. Rd5
Qb4 28. Bd3 Kg7 29. Qa7 Re7 30. Qa6 {[%eval 25,19] [%emt 0:02:00]} h6 {[%eval
30,19] [%emt 0:02:12]} 31. a3 {[%eval 30,19] [%emt 0:02:27]} Qb3 {[%eval 23,19]
[%emt 0:02:10]} 32. gxh6+ {[%eval 26,19] [%emt 0:03:01]} Kxh6 {[%eval 16,20] 
[%emt 0:02:32]} 33. Rd6 {[%eval 23,20] [%emt 0:05:00]} Kg7 {[%eval 20,20] 
[%emt 0:05:02]} 34. f5 {[%eval 25,20] [%emt 0:04:58]} gxf5 {[%eval 25,19] 
[%emt 0:02:05]} 35. Bxf5 {[%eval 22,20] [%emt 0:04:23]} Be5 {[%eval 22,19] 
[%emt 0:01:25]} 36. Rd3 {[%eval 18,19] [%emt 0:01:57]} Qb7+ {[%eval 18,20] 
[%emt 0:01:56]} 37. Qxb7 {[%eval 17,21] [%emt 0:01:15]} Rexb7 {[%eval 18,20] 
[%emt 0:00:17]} 38. Rd5 {[%eval 20,21] [%emt 0:01:47]} Rb5 {[%eval 14,21] 
[%emt 0:02:53]} 39. Rd7 {[%eval 24,21] [%emt 0:02:26]} R8b7 {[%eval 22,21] 
[%emt 0:02:15] (T5b7)} 40. Rxb7 {[%eval 25,21] [%emt 0:01:50]} Rxb7 {[%eval 23,
20] [%emt 0:00:19]} 41. a4 {[%eval 24,22] [%emt 0:02:18]} Ra7 {[%eval 23,22] 
[%emt 0:02:01]} 42. Ra2 {[%eval 23,22] [%emt 0:03:14]} Bc3 {[%eval 23,21] 
[%emt 0:03:58] (Ac7)} 43. Kf3 {[%eval 23,21] [%emt 0:03:49]} Kf6 {[%eval 24,21]
[%emt 0:02:16]} 44. Bd3 {[%eval 24,21] [%emt 0:03:13]} Ra8 {[%eval 22,21] 
[%emt 0:01:56]} 45. Bf1 {[%eval 23,21] [%emt 0:02:39]} Bb4 {[%eval 21,20] 
[%emt 0:01:42] (Re7)} 46. h3 {[%eval 21,20] [%emt 0:01:14]} Ke5 {[%eval 20,21]
[%emt 0:01:40]} 47. h4 {[%eval 16,21] [%emt 0:01:14]} f5 {[%eval 14,21] [%emt
0:01:21]} 48. h5 {[%eval 15,22] [%emt 0:03:19]} Kf6 {[%eval 14,23] [%emt 0:04:
21]} 49. Be2 {[%eval 15,23] [%emt 0:04:27]} Ba5 {[%eval 12,22] [%emt 0:03:55] 
(Rg5)} 50. Rc2 {[%eval 13,22] [%emt 0:02:32] (Ad3)} Kg5 {[%eval 12,22] [%emt 0:
02:01]} 51. Rc6 {[%eval 13,22] [%emt 0:01:09]} Bd2 {[%eval 12,23] [%emt 0:01:
29]} 52. Bd1 {[%eval 13,24] [%emt 0:02:22]} Kxh5 {[%eval 12,24] [%emt 0:02:11]}
53. Rd6 {[%eval 13,24] [%emt 0:01:55]} Bc1 {[%eval 12,24] [%emt 0:01:48]} 54.
Rd5 {[%eval 13,24] [%emt 0:04:35]} Kg6 {[%eval 12,24] [%emt 0:03:24]} 55. a5 {
[%eval 13,24] [%emt 0:03:14]} Kf6 {[%eval 11,24] [%emt 0:04:23]} 56. Bc2 {
[%eval 12,23] [%emt 0:01:45]} f4 {[%eval 11,23] [%emt 0:02:05]} 57. Rf5+ {
[%eval 12,20] [%emt 0:02:43] (Ad3)} Ke6 {[%eval 11,22] [%emt 0:01:36] (Re7)}
58. Rh5 {[%eval 12,22] [%emt 0:03:58]} Kd6 {[%eval 11,22] [%emt 0:02:14]} 59.
Be4 {[%eval 12,22] [%emt 0:04:21] (a6)} Rg8 {[%eval 11,22] [%emt 0:02:15]} 60.
Ke2 {[%eval 12,22] [%emt 0:02:14]} Rb8 {[%eval 10,22] [%emt 0:06:29] (Tg1)} 61.
Kd3 {[%eval 11,18] [%emt 0:01:44] (a6)} Rb2 {[%eval 10,19] [%emt 0:01:18] (Ae3)
} 62. Kc4 {[%eval 11,19] [%emt 0:01:44]} Ra2 {[%eval 10,19] [%emt 0:01:43]} 63.
Bh1 {[%eval 11,19] [%emt 0:01:11]} Rc2+ {[%eval 9,19] [%emt 0:01:22]} 64. Kd3 {
[%eval 9,19] [%emt 0:01:20] (Rb5)} Rd2+ {[%eval 9,20] [%emt 0:02:20]} 65. Kc3 {
[%eval 9,21] [%emt 0:02:48]} Ra2 {[%eval 6,20] [%emt 0:01:14]} 66. Kb3 {
[%eval 0,20] [%emt 0:04:41]} Rb2+ {[%eval 0,24] [%emt 0:01:23]} 67. Kc3 {
[%eval 0,25] [%emt 0:00:49] (Ra4)} Ra2 {[%eval 0,26] [%emt 0:01:52]} 68. Rh6+ {
[%eval 0,20] [%emt 0:00:50]} 1/2-1/2

[Event "Reto (Rybka31-cpu32-bit, (90m+30s)/100+"]
[Site "?"]
[Date "2009.12.31"]
[Round "?"]
[White "Diaz, Sergio"]
[Black "Cabrera, Marcelo Dario"]
[Result "1/2-1/2"]
[WhiteElo "2472"]
[BlackElo "2267"]
[PlyCount "74"]

1. e4 c5 2. Nf3 e6 3. d4 cxd4 4. Nxd4 a6 5. Bd3 Nf6 6. O-O Qc7 7. Qe2 d6 8. c4
Be7 9. Nc3 Nc6 10. Nxc6 bxc6 11. f4 Nd7 12. Be3 Rb8 13. Rad1 O-O 14. Rf3 g6 15.
g4 Bf6 16. Qd2 Bb7 17. g5 Bg7 18. Bf1 d5 19. Rf2 Rfe8 20. cxd5 cxd5 21. exd5
exd5 22. Nxd5 Bxd5 23. Qxd5 Rxe3 24. Qxd7 Qc5 25. Kg2 Bxb2 26. Bxa6 Bc3 27. Rd5
Qb4 28. Bd3 Kg7 29. Qa7 Re7 30. Rd7 Ra8 31. Qxa8 {[%eval 8,17] [%emt 0:05:05]}
Rxd7 {[%eval 8,16] [%emt 0:00:01]} 32. Qf3 {[%eval 8,17] [%emt 0:03:43] (De4)}
Be1 {[%eval 8,17] [%emt 0:20:58]} 33. Rc2 {[%eval 2,17] [%emt 0:11:09]} Bd2 {
[%eval 0,18] [%emt 0:06:43]} 34. Rc4 {[%eval 0,18] [%emt 0:11:37]} Qa3 {
[%eval 0,18] [%emt 0:08:55]} 35. Bb1 {[%eval 3,18] [%emt 0:20:37] (Ae2)} Qb2 {
[%eval 0,18] [%emt 0:13:49] (Ae3)} 36. Bc2 {[%eval 0,18] [%emt 0:17:52]} Bb4 {
[%eval 0,18] [%emt 0:12:21]} 37. Qe3 {[%eval 0,18] [%emt 0:12:19]} Rd2+ {
[%eval 0,18] [%emt 0:07:39]} 1/2-1/2

[Event "Reto (Rybka4w32, (90m+30s)/100+(15m+30s"]
[Site "?"]
[Date "2009.12.31"]
[Round "?"]
[White "Diaz, Sergio"]
[Black "Cabrera, Marcelo Dario"]
[Result "1/2-1/2"]
[WhiteElo "2472"]
[BlackElo "2267"]
[PlyCount "81"]

1. e4 c5 2. Nf3 e6 3. d4 cxd4 4. Nxd4 a6 5. Bd3 Nf6 6. O-O Qc7 7. Qe2 d6 8. c4
Be7 9. Nc3 Nc6 10. Nxc6 bxc6 11. f4 Nd7 12. Be3 Rb8 13. Rad1 O-O 14. Rf3 g6 15.
g4 Bf6 16. Qd2 Bb7 17. g5 Bg7 18. Bf1 d5 19. Rf2 Rfe8 20. cxd5 cxd5 21. exd5
exd5 22. Nxd5 Bxd5 23. Qxd5 Rxe3 24. Qxd7 Qc5 25. Kg2 Bxb2 26. Bxa6 Bc3 27. Rd5
Qb4 28. Bd3 Kg7 29. Qa7 Re7 30. Rd7 Ra8 31. Qxa8 {[%eval 7,18] [%emt 0:06:16]}
Rxd7 {[%eval 6,20] [%emt 0:05:18]} 32. Qf3 {[%eval 6,20] [%emt 0:07:22]} Be1 {
[%eval 6,20] [%emt 0:10:58]} 33. Re2 {[%eval 1,20] [%emt 0:12:06] (Tc2)} Bd2 {
[%eval 1,21] [%emt 0:07:24]} 34. Re4 {[%eval 0,18] [%emt 0:02:48] (Dc6)} Qb2 {
[%eval 0,19] [%emt 0:02:45]} 35. Be2 {[%eval 0,19] [%emt 0:02:54]} Qxa2 {
[%eval 0,20] [%emt 0:02:59]} 36. Re8 {[%eval -3,20] [%emt 0:20:08]} Qd5 {
[%eval 0,20] [%emt 0:02:49]} 37. Qxd5 {[%eval -1,20] [%emt 0:02:10]} Rxd5 {
[%eval -1,22] [%emt 0:03:08]} 38. Re4 {[%eval -1,23] [%emt 0:05:17]} h6 {
[%eval -1,23] [%emt 0:02:53]} 39. h4 {[%eval 0,23] [%emt 0:02:24]} h5 {[%eval
0,24] [%emt 0:05:40]} 40. Bc4 {[%eval 0,25] [%emt 0:05:01]} Rd7 {[%eval 0,25] 
[%emt 0:03:30]} 41. Kf3 {[%eval 0,25] [%emt 0:02:38]} 1/2-1/2